| 000 | 00969pam a2200289 a 4500 | ||
|---|---|---|---|
| 001 | 3109 | ||
| 005 | 20250825133608.0 | ||
| 020 | _a9780439686181 | ||
| 040 |
_aDLC _cDLC _dDLC _beng |
||
| 050 | 0 | 0 |
_aPZ7.H389 _b 1993 |
| 082 | 0 | 0 | _a813 |
| 100 | 1 | _aHenkes, Kevin | |
| 245 | 1 | 0 |
_aOwen / _cHenkes, Kevin |
| 250 | _aFirst Scholastic printing , September 2004 | ||
| 260 |
_aNew York : _bScholastic, _c1993 |
||
| 300 |
_a22 unnumbered pages : _bcolor illustrations ; _c26 cm. |
||
| 490 | _a Henkes' Mouse Books | ||
| 505 | _aK | ||
| 520 | _aOwen's parents try to get him to give up his favorite blanket before he starts school, but when their efforts fail, they come up with a solution that makes everyone happy. | ||
| 521 |
_a510
_bLexile |
||
| 521 |
_aK
_bRaz-Plus |
||
| 650 | 1 |
_aBlankets _xFiction. |
|
| 650 | 1 |
_aParent and child _xFiction. |
|
| 650 | 1 |
_aMice _xFiction. |
|
| 906 |
_a7 _bcbc _corignew _d1 _eocip _f19 _gy-gencatlg |
||
| 942 |
_2ddc _cBK _n0 |
||
| 999 |
_c3109 _d3109 |
||